000
00291nam a2200121Ia 4500
008
241015s9999 xx 000 0 und d
041
_a
eng
082
_a
332 RUB
100
_a
Rubini, Agustin
245
_a
Fintech In A Flash
260
_b
De Gruyter
_a
Boston
_c
2019
300
_a
231;. P. 24 cm
999
_c
41651
_d
41651